| 000 | 00870nam a22002655i 4500 | ||
|---|---|---|---|
| 001 | 177393 | ||
| 003 | ES-MaACL | ||
| 005 | 20230906220323.0 | ||
| 008 | 110321s2002 sp |||| | spa d | ||
| 020 | _a84-932773-0-4 | ||
| 080 | _a821.134.2-14"19" | ||
| 080 | _a929 García Lorca, Federico | ||
| 080 | _a929 Azaña, Manuel | ||
| 100 | 1 |
_aLuna, María. _9145753 |
|
| 245 | 1 | 1 |
_a¿Dónde está mi sepultura? _b: (llanto por Federico García Lorca y oda a Don Manuel Azaña) / _cMaría Luna. |
| 250 | _a1ª ed. | ||
| 260 |
_aMadrid : _bM. Melcón, _c2002. |
||
| 300 |
_a45 p. ; _c21 cm. |
||
| 490 | 1 | _aWorld & image | |
| 600 | 1 | 7 |
_aGarcía Lorca, Federico, _d1898-1936- _vPoesías _2 _9166611 |
| 600 | 1 | 7 |
_aAzaña, Manuel, 1880-1940- _xPoesías _2 _9145755 |
| 830 | 1 |
_aWorld & image _9224175 |
|
| 852 | 4 |
_aES-MaACL _j2293-F-21 |
|
| 999 |
_c177393 _d177393 |
||